Philippines Islands Map Quiz - Statistics

General Stats
  • This quiz has been taken 2,685 times
  • The average score is 9 of 20
Answers on the Map
Answers color-coded by a green-red scale on the quiz's map according to % correct below.
 
Answer Stats
Answer % Correct
Luzon
88%
Palawan
72%
Mindanao
71%
Cebu
61%
Negros
52%
Bohol
49%
Leyte
48%
Mindoro
48%
Samar
44%
Panay
43%
Tawitawi
40%
Masbate
39%
Marinduque
35%
Catanduanes
34%
Dinagat
32%
Jolo
31%
Basilan
30%
Culion
27%
Polillo
26%
Busuanga
21%
No matching quizzes found
Score Distribution
Percent of People with Each Score
Percentile by Number Answered
Your Score History
You have not taken this quiz